ბათუმის შოთა რუსთაველის სახელმწიფო უნივერსიტეტის ბიბლიოთეკა

ეპიფანია ტომას სტერნზ ელიოტის პოეზიაში : დისერტაცია / (ბიბ.ჩანაწერი № 52130)

000 -ლიდერი
ფიქსირებული სიგრძის საკონტროლო ველი 01454nam a2200253Ia 4500
001 - საკონტროლო ნომერი
საკონტროლო ველი 19137
003 - საკონტროლო ნომრის იდენტიფიკატორი
საკონტროლო ველი GE_BSU
005 - ბოლო ოპერაციის თარიღი და დრო
საკონტროლო ველი 20220920101521.0
008 - ფიქსირებული სიგრძის მონაცემთა ელემენტები - ზოგადი ინფორმაცია
ფიქსირებული სიგრძის საკონტროლო ველი 181216s2012||||ge |||||||||||||| ||geo||
040 ## - კატალოგიზაციის წყარო
Transcribing agency GE_BSU
041 ## - ენის კოდი
Language code of text/sound track or separate title geo
080 ## - უნივერსალური ათობითი კლასიფიკაციის ინდექსი
Universal Decimal Classification number 82 ს-53
100 ## - მთავარი ჩანაწერი - პიროვნების სახელი
Personal name სირაძე, თამარ
9 (RLIN) 11663
245 ## - ცნობა სათაურის შესახებ
Title ეპიფანია ტომას სტერნზ ელიოტის პოეზიაში : დისერტაცია /
Statement of responsibility, etc თამარ სირაძე; სამეცნიერო ხელმძღვანელი მ. ებანოიძე, მ. გიორგაძე; ბათუმის შოთა რუსთაველის სახ-ფო უნ-ტი.
264 ## - წარმოების, გამოცემის, დისტრიბუციის და სხვა ცნობები
გამოცემის, წარმოების, დისტრიბუციის... ადგილი ბათუმი,
გამოცემის, წარმოების, დისტრიბუციის... თარიღი 2012.
300 ## - ფიზიკური აღწერა
Extent 123 გვ. ;
Other physical details 30 სმ.
653 ## - INDEX TERM--UNCONTROLLED
Uncontrolled term დისერტაცია
653 ## - INDEX TERM--UNCONTROLLED
Uncontrolled term ეპიფანია ტომას სტერნზ ელიოტის პოეზიაში.
653 ## - INDEX TERM--UNCONTROLLED
Uncontrolled term ლიტმცოდნეობა
700 ## - ADDED ENTRY--PERSONAL NAME
Personal name ებანოიძე, მ.
Relator term სამეცნიერო ხელმძღვანელი
9 (RLIN) 11664
700 ## - ADDED ENTRY--PERSONAL NAME
Personal name გიორგაძე, მ.
Relator term სამეცნიერო ხელმძღვანელი
9 (RLIN) 4082
710 ## - ADDED ENTRY--CORPORATE NAME
Corporate name or jurisdiction name as entry element თბილისის სახელმწიფო სამედიცინო უნივერსიტეტი
9 (RLIN) 11665
942 ## - ADDED ENTRY ELEMENTS (KOHA)
Koha item type წიგნი
Source of classification or shelving scheme
ეგზემპლარები
ჩამოწერის სტატუსი დაკარგული ეგზემპლარის სტატუსი კლასიფიკაციის წყარო ან თაროზე გაწყობის სქემა დაზიანების სტატუსი არ გაიცემა მუდმივი მდებარეობა (დაცვის ადგილი) ამჟამინდელი ადგილსამყოფელი შეძენის თარიღი სრული შენახვის შიფრი შტრიხკოდი ბოლო ოპერაციის თარიღი ეგზემპლარის მიმდევრობითი ნომერი (კეტერი?) ფასის ძალაში შესვლის თარიღი ეგზემპლარის სახეობა საჯარო შენიშვნა
        შიდა ფონდი ბათუმის შოთა რუსთაველის სახელმწიფო უნივერსიტეტის მთავარი ბიბლიოთეკა ბათუმის შოთა რუსთაველის სახელმწიფო უნივერსიტეტის მთავარი ბიბლიოთეკა 2018-12-17 82 ს-53 110 დისერტ. 2018-12-17 110 2018-12-17 დისერტაცია